Cuba hoy : (Registro nro. 13171)

Detalles MARC
000 -LIDER
fixed length control field 00467nam a22001697a 4500
003 - IDENTIFICACDOR DE NÚMERO DE CONTROL
control field DO-SdBNP
005 - DATE AND TIME OF LATEST TRANSACTION
control field 20171128134326.0
008 - ELEMENTOS DE LONGITUD FIJA
fixed length control field 171128b cu||||| |||| 00| 0 spa d
020 ## - ISBN
International Standard Book Number 9590100341
040 ## - FUENTE DE CATALOGACIÓN
Agencia que crea de manera original el registro BPMSU
Idioma de catalogación spa
Agencia que realiza la transcripción BPMSU
245 ## - MENCIÓN DE TITULO
Título Cuba hoy :
Subtítulo datos y referencias de una nación que resiste y se desarrolla
260 ## - PUBLICACIÓN, DISTRIBUCIÓN, ETC. (PIE DE IMPRENTA)
Lugar de publicación, distribución, etc La Habana
Nombre del editor, distribuidor, etc. Politica
Fecha de publicación, distribución, etc 1992
300 ## - DESCRIPCIÓN FÍSICA
Extensión 17 p,
Dimensiones 18 cm
942 ## - ADDED ENTRY ELEMENTS (KOHA)
Source of classification or shelving scheme Dewey Decimal Classification
Koha item type Libros
945 ## - INFORMACIÓN DE PROCESAMIENTO LOCAL
Información de procesamiento local inventariado / DG
956 ## - LOCAL ELECTRONIC LOCATION AND ACCESS (OCLC)
Nombre de host dgarcia
Número de acceso 10
Existencias
Withdrawn status Lost status Source of classification or shelving scheme Damaged status Not for loan Collection code Home library Current library Date acquired Source of acquisition Total Checkouts Barcode Date last seen Price effective from Koha item type
    Dewey Decimal Classification     Colección General Biblioteca Pública Metropolitana Salomé Ureña Biblioteca Pública Metropolitana Salomé Ureña 11/28/2017 Donado   BPMSU17110499 11/28/2017 11/28/2017 Libros